| 000 | 00799nam a2200277 a 4500 | ||
|---|---|---|---|
| 001 | 000108430 | ||
| 003 | CHAP | ||
| 005 | 20220329144012.0 | ||
| 008 | 140211s1888 mx |rm |0|||||spa d | ||
| 010 | _a104892 | ||
| 011 | _a105864 | ||
| 040 | _cCHAP | ||
| 090 | _aTesis | ||
| 100 | 0 | 0 |
_aPardo y Urbina, Manuel. _985500 |
| 245 | 1 | 0 |
_aLigeros estudios sobre la historia, siembra y cultivo del tabaco / _cpor Manuel Pardo y Urbina. |
| 260 |
_aMéxico : _bEl autor, _c1888. |
||
| 300 | _a277 h. | ||
| 502 | _aTesis (Ing. Agr.) -- Esacuela Nacional de Agricultura | ||
| 590 |
_aE6096MTM _b05 _c20140211 _lUCH01 _h1438 |
||
| 650 | 1 | 4 |
_aAbonos para tabaco. _9279 |
| 650 | 1 | 4 |
_aTabaco _xAlmácigos. _9111197 |
| 650 | 1 | 4 |
_aTabaco _xCultivo. _9125410 |
| 901 | _aBK | ||
| 942 | _cTESIS | ||
| 942 | _n0 | ||
| 999 |
_c104892 _d104892 |
||